000 00818njm a22002537a 4500
005 20100914154515.0
007 sd ammalaaahaa
008 100913t xxu||||| |||| 00| 0 hin d
028 _aKPLI 0501
_bRCA
035 _aGR-02474
040 _aSED/VEN
100 _aMcCrae, George
_91184
245 _aRock your baby /
_cby George McCrae
_h[sound recording] :
260 _aDum Dum India
_bRCA
300 _a1 sound disc [Gramophone record] :
_banalog, 33 1/3 rpm
_c12.5 in. (LP)
_fGramophone Record
500 _aBrief Record
500 _aRecord label :RCA, Yellow
600 _aMcrae, George
_919992
650 _aEnglish Film Songs
_xExcerpts
_zIndia
_919603
700 _919604
700 _919605
942 _2ddc
_cGR
999 _c45809
_d45809